Správna výživa vyžaduje jakost sborník referátů z 18. celostátního sjezdu Společnosti pro racionální výživu konaného ve dnech 14., 15. a 16. října 1969 v Karlových Varech

Na minha lista:
Detalhes bibliográficos
Formato: Livro
Idioma:tcheco
Publicado em: Praha Společnost pro racionální výživu 1969
Colecção:Rotaprint
Tags: Adicionar Tag
Sem tags, seja o primeiro a adicionar uma tag!

MARC

LEADER 00000nam a2200000 4500
001 c121417
005 20181203150346.6
041 0 |a cze 
044 |a CZ 
245 1 0 |a Správna výživa vyžaduje jakost  |b sborník referátů z 18. celostátního sjezdu Společnosti pro racionální výživu konaného ve dnech 14., 15. a 16. října 1969 v Karlových Varech 
264 1 |a Praha  |b Společnost pro racionální výživu  |c 1969 
300 |a 190 s. 
490 1 |a Rotaprint 
830 0 |a Rotaprint